=LDR 00000nam 2200000 4500 =001 INLIS000000000038241 =005 20130612143920 =008 ***********************************Ind** =035 ##$$0010-061300000038241 =041 ##$$a Ind =082 ##$$a 641.5 =090 ##$$a 641.5, Ind l =100 ##$$a Indriani =245 ##$$a lezatnya variasi masakan iga, Indriani; Editor, Intarina Hardiman =260 ##$$a 2010 $b Jakarta =300 ##$$a 56 hlm, Ilus, 21 cm =650 ##$$a Masakan - Resep =700 ##$$a Hardiman, Intarina =850 ##$$a NBPNMAT =990 ##$$a 0001/BPAP-NTB/2016